000 00345nam a22001217a 4500
999 _c9519
_d9519
003 OSt
008 201209b ||||| |||| 00| 0 eng d
245 _aIndian Journal of Physics
250 _a2008(Jan Vol.82 No.1, Feb Vol.82 No.2, Mar Vol.82 No.3, Apr Vol.82 No.4)
260 _aBengaluru
_bSpringer
650 _aApplied Science
942 _2ddc
_cBV